Institutes of Holland, or Manual of Law, Practice and Mercantile Law (Record no. 946)

MARC details
000 -LEADER
fixed length control field 00539nam a22001697a 4500
005 - DATE AND TIME OF INPUT
control field 20231124124939.0
008 - DATA ELEMENTS--GENERAL INFORMATION
fixed length control field 231124b |||||||| |||| 00| 0 eng d
041 ## - LANGUAGE CODE
Language code of text English
082 ## - SHELF NUMBER
DDC number 340.5 LIN
100 ## - MAIN AUTHOR
Main author's name Van der Linden, J
Language of a work English
245 ## - TITLE STATEMENT
Title Institutes of Holland, or Manual of Law, Practice and Mercantile Law
250 ## - EDITION STATEMENT
Edition statement Fourth Edition
260 ## - PUBLICATION, DISTRIBUTION, ETC.
Place of publication, distribution, etc. Cape Town :
Name of publisher, distributor, etc. Juta and Company Ltd,
Date of publication, distribution, etc. 1904
300 ## - PHYSICAL DESCRIPTION
Other physical details lxxi, 515 pages ;
Dimensions 23 cm.
650 ## - SUBJECT`
Broad subject Legal practice
Own subject terms Law
942 ## - ADDED ENTRY ELEMENTS (KOHA)
Item type Books
942 ## - ADDED ENTRY ELEMENTS (KOHA)
-- ALISON_BN_VRIES
Holdings
Source of classification or shelving scheme Not for loan Collection code Home library Current library Shelving location Date acquired Full call number Barcode Price effective from Koha item type
Dewey Decimal Classification   TEXT BOOKS LAW SOCIETY OF NAMIBIA LIBRARY - WINDHOEK LAW SOCIETY OF NAMIBIA LIBRARY - WINDHOEK International law and private international law 11/24/2023 340.5 LIN LSN/1987/190 11/24/2023 Books